000 00952cab a22001935a 4500
001 L140830
008 071015e2007 xxko f 000 0 eng d
035 _a(Sirsi) u140830
041 0 _aeng
100 1 _aChannon, Dave
245 0 0 _aControlling pests on the block
260 _c2007
490 _aNews on the Block
_v(35), 31-32(2)
520 _aExamines the need for pest control in residential buildings. Residents on upper floors may be unaware of problems such a foxes, rats and mice. The perception of pest problems may also vary according to the culture of the residents. Health and safety issues must be considered especially when using pesticides. The role of the managing agent is to convey messages about problems and treatment to residents. Simultaneous access to all flats is sometimes needed.
590 _aKA
651 4 _aUnited Kingdom
_y
690 _aPROPERTY-RESIDENTIAL PROPERTY-RESIDENTIAL PROPERTY MANAGEMENT
942 _n0
999 _c79361
_d79361